| 000 | 00414nam a2200145 4500 | ||
|---|---|---|---|
| 001 | 1498 | ||
| 005 | 20181127163417.0 | ||
| 020 | 0 | 0 | _a0865651248 |
| 090 | 0 | 0 | _a582.13095496 M4789o 1991 |
| 100 | 0 | 0 | _aMehta, Ashvin |
| 245 | 0 | 0 |
_a100 Himalayan flowers / _b _cAshvin Mehta. _h |
| 260 | 0 | 0 |
_aNew York : _bVendome Press, _c1991. |
| 300 | 0 | 0 | _a144 p. : col. ill. |
| 650 | 0 | 0 |
_aWild flowers --Himalaya Mountains --Pictorial works. _x |
| 999 |
_c1114 _d1114 |
||